Podaj nazwy podanych marek samochodów CZ.1 - Statystyki

Ogólne statystyki
  • Ten quiz został rozwiązany 2 797 razy
  • Średni wynik to 13 z 15
Statystyki odpowiedzi
Obrazkowy Odpowiedź % Poprawnych
BMW
99%
Ford
98%
Lamborghini
98%
Škoda
98%
Alfa Romeo
97%
Audi
97%
Ferrari
96%
Porsche
94%
Renault
86%
Volkswagen
84%
Hyundai
81%
Peugeot
81%
Chevrolet
80%
Mercedes-Benz
80%
Mitsubishi
77%
Nie znaleziono quizów pasujących do podanych kryteriów
Rozkład punktacji
Procent ludzi z każdym wynikiem
Percentyl według liczby udzielonych odpowiedzi
Twoja historia wyników
Nie rozwiązałeś tego quizu